00649nam a2200241 a 4500001001300000003000900013005001700022008004100039020001000080082001700090100001700107245001900124260002900143300000900172500003500181505001000216650001400226700001700240902000800257942000700265952011800272999001700390nice12345678IN_TiNIC20260116013420.0050524s1966 egya grp 000 0 urd  ac10000a297.211bABD aAbduhu, Mohd aRisala Tawheed aEgyptbDarul Marifc1966 a191p aincludes index and biblioraphy2 aIndex aGod-Islam1 aAbduhu, Mohd bSRS cBK 001040708StackRoom-aHMIbHMId2007-07-11g100.00l0o297.211 ABDp016416r2007-07-11v100.00w2005-05-24yBK c10897d10897